Genethliaco elogio, prognostico felice, en la expectacion de real augusto parto, que esperamos segun lo denota el benigno aspecto de la mas brillante americana estrella Maria sa[n]tissima virgen, y madre de Dios, que venera esta Nueva- España con la advocacion de los Remedios. Predicolo el Doctr. y Maestro D. Miguel Gonzales de Valdeosera... rector que ha sido de la real Vniversidad de esta Corte, en el vltimo dia del novenario, que ofreciô â su soberana patrona, en la Santa Iglesia Metropolitana de Mexico esta muy noble, leal, è imperial corte mexicana, en festiva demostracion del jubilo que tubo con la noticia cierta del preñado de N. amada catholica reyna, y señora Doña Maria Luysa Gabriela de Saboya en ardientes votos, y humildes deprecaciones dirigidas al colmo del buen alumbramiento de parto tan deseado y lo dedica el orador al Exm. Señor D. Francisco Fernandez de la Cueba Enriquez... señor de las villas de Monbeltran, la Codosera, Lanfayta, y Xarez, Pedro Bernardo Aldea Davila,

Detalles Bibliográficos
Autor principal: González de Valdeosera, Miguel
Formato: Libro
Lenguaje:Undetermined
Spanish
Publicado: en Mexico : por Juan Joseph Guillena Carrascoso, 1707.
Materias:
Colección:Banco de datos
Acervo:Biblioteca Palafoxiana. Colección bibliográfica
Descripción Física:[18], 29 p. ; 4°
Tema general:Homilética
Notas:Número de localización: 15553-M
LEADER 01644nam a2200181Ia 4500
008 150723s9999 xx 000 0 und d
041 0 |a spa 
050 0 |a PAFX BV4207 S3 
100 1 |a González de Valdeosera, Miguel 
245 1 0 |a Genethliaco elogio, prognostico felice, en la expectacion de real augusto parto, que esperamos segun lo denota el benigno aspecto de la mas brillante americana estrella Maria sa[n]tissima virgen, y madre de Dios, que venera esta Nueva- España con la advocacion de los Remedios. Predicolo el Doctr. y Maestro D. Miguel Gonzales de Valdeosera... rector que ha sido de la real Vniversidad de esta Corte, en el vltimo dia del novenario, que ofreciô â su soberana patrona, en la Santa Iglesia Metropolitana de Mexico esta muy noble, leal, è imperial corte mexicana, en festiva demostracion del jubilo que tubo con la noticia cierta del preñado de N. amada catholica reyna, y señora Doña Maria Luysa Gabriela de Saboya en ardientes votos, y humildes deprecaciones dirigidas al colmo del buen alumbramiento de parto tan deseado y lo dedica el orador al Exm. Señor D. Francisco Fernandez de la Cueba Enriquez... señor de las villas de Monbeltran, la Codosera, Lanfayta, y Xarez, Pedro Bernardo Aldea Davila,   |# MARC_REP@  |  S. Estevan Villarejo, y las Cuebas,... preside[n]te de la real audiencia della 
260 |a en Mexico : por Juan Joseph Guillena Carrascoso, 1707. 
300 |a [18], 29 p. ; 4° 
500 |a Número de localización: 15553-M 
501 |a Encuadernado con 12 obras 
650 1 0 |a Homilética 
942 |c PALALIB 
943 |g Biblioteca Palafoxiana. Colección bibliográfica 
999 |c 1053593  |d 1053593